| 000 | 00388 a2200133 4500 | ||
|---|---|---|---|
| 003 | Nust | ||
| 005 | 20170207171642.0 | ||
| 040 | _cNust | ||
| 082 | _a799 | ||
| 245 |
_a41- Call on by Brig Hayyat,Commd STC Kohat,Photographs-2016 _cMCS |
||
| 260 |
_aRawalpindi _bMCS _c03-03-2016 |
||
| 650 | _a41- Call on by Brig Hayyat,Commd STC Kohat,Photographs-2016,DVD No 26 (Vol-II) | ||
| 651 | _aSweet Memories-MCS | ||
| 942 | _cBK | ||
| 999 |
_c218204 _d218204 |
||